000 00595 a2200193 4500
001 61141
005 20260407155902.0
008 260407a1953 arg spa d
003 AR-UNSa-BCEJYS
040 _aAR-UNSa-BCEJYS
_bspa
_cAR-UNSa-BCEJYS
080 _a336.225.3
_xSujetos de tributación. Personas u organismos. Contribuyentes
245 1 0 _aEl contribuyente
_psujeto pasivo de la obligación tributaria
264 1 _aBuenos Aires :
_bPerrot
_c1953
300 _a216 p.
_c23 cm.
041 _aspa
942 _cBK
590 _aniveau_biblio:m niveau_hierar:0
100 1 _aTamagno, Roberto
999 _c7243
_d7243